00393 2200157 4500245006000000020002200060250001100082100002500093650001700118005001900135260002800154041001400182084000800196300002200204336000900226 aHwaiting , Hwai Ye - Seon !cNathania Luvena laishText a978-602-375-165-5 aCet. 1 aNathania Luvena lais aNovel Remaja a20230908151358 aJakartabGrasindoc2015 aIndonesia a813 a90 hlm. :c19 cm. atext